000 01047nam a2200265 a 4500
001 000005757
005 20200929151755.0
008 850315s1975 uy b f000 0 spa
010 _a85130474
040 _aDO-SdBNP
_cDLC
_dDLC
082 _a989.5
_bB641g
100 1 _aBlanco Acevedo, Pablo,
_d1880-1935.
_916296
245 1 3 _aEl gobierno colonial en el Uruguay y los orígenes de la nacionalidad /
_cPablo Blanco Acevedo ; prólogo de Raúl Montero Bustamante.
260 _aMontevideo :
_bMinisterio de Educación y Cultura,
_c1975.
300 _a2 v. ;
_c19 cm.
490 1 _aBiblioteca Artigas
_vv. 149-150
490 1 _aClásicos uruguayos
_vv. 149-150
500 _aSpine title: El gobierno colonial.
504 _aIncluye referencia bibliográfica y notas al pie de las páginas
651 4 _aUruguay
_xHistoria
_y1810.
_916297
700 1 _aMontero Bustamante, Raúl
_epról.
_916298
740 0 _aGobierno colonial.
830 0 _aBiblioteca Artigas
_pClásicos uruguayos ;
_vv. 149-150
_916276
910 _aCatalogación por copia / LC
999 _c5553
_d5553